000 00304nam a22001457a 4500
008 210528b ||||| |||| 00| 0 eng d
020 _a9780321699121
041 _aeng
080 _23rd
_a311
082 _a311
100 _a55
101 _aSTA
245 _aIntro Stats
_cDe Veaux
942 _2udc
_cBK
999 _c57815
_d57815